Word Ladder: Yankee Legend Quiz Stats

 Plays Quiz Updated Apr 25, 2016

Challenge
Share
Tweet
Embed
Score 0/10 Timer 01:00
0 Plays Today
Clue 3-Letter Word % Correct
To receive somethingGET
90.5%
❹ Actor Diamond Phillips or singer Rawls; with rungs 5 and 10, NY Yankees first baseman from 1923-1939 ❹❹ LOU ❹
86.4%
A large amount, or a Biblical man whose wife turned to saltLOT
82.5%
Acronym for HBO series based on George R.R. Martin's ASoIaFGOT
81.5%
To plead for somethingBEG
81.2%
Of considerable sizeBIG
80.2%
❹ Oil-drilling machine; with rungs 1 and 5, NY Yankees captain from 1935-1939 ❹❹ RIG ❹
72.5%
❹ Stat used in traffic modeling; with rungs 1 and 10, 'The Iron Horse' ❹❹ GEH ❹
57.8%
Ryan, White, or Cabot, e.g.MEG
54.2%
Interjection used as an expression of indifferenceMEH
48.9%

Today's Daily Dose

You're not logged in!

Compare scores with friends on all Sporcle quizzes.
Join for Free
OR
Log In

You Might Also Like...

Show Comments

Extras

Top Quizzes Today


Score Distribution

Your Account Isn't Verified!

In order to create a playlist on Sporcle, you need to verify the email address you used during registration. Go to your Sporcle Settings to finish the process.

Report this User

Report this user for behavior that violates our Community Guidelines.

Details: